Aid for developing countries

Đã lưu trong:
Sonraí Bibleagrafaíochta
Príomhúdar: Arnold, H. J. P.
Formáid: Leabhar
Teanga:Undetermined
Foilsithe: London The Bodley Head
Ábhair:
Clibeanna: Cuir Clib Leis
Gan Chlibeanna, Bí ar an gcéad duine leis an taifead seo a chlibeáil!
Thư viện lưu trữ: Trung tâm Học liệu Trường Đại học Cần Thơ
LEADER 00451nam a2200169Ia 4500
001 CTU_99356
008 210402s9999 xx 000 0 und d
082 |a 330.9 
082 |b A757 
100 |a Arnold, H. J. P. 
245 0 |a Aid for developing countries 
245 0 |c H. J. P. Arnold 
260 |a London 
260 |b The Bodley Head 
650 |a Developing countries 
904 |i Giang 
980 |a Trung tâm Học liệu Trường Đại học Cần Thơ